Normal view
MARC view
- GROUPS TJEORY
Entry Topical Term
001 - CONTROL NUMBER
- control field: 59886
003 - CONTROL NUMBER IDENTIFIER
- control field: NUST
005 - DATE AND TIME OF LATEST TRANSACTION
- control field: 20210628202432.0
008 - FIXED-LENGTH DATA ELEMENTS
- fixed length control field: 210628|| aca||aabn | a|a d
040 ## - CATALOGING SOURCE
- Original cataloging agency: NUST
- Transcribing agency: NUST
150 ## - HEADING--TOPICAL TERM
- Topical term or geographic name entry element: GROUPS TJEORY
670 ## - SOURCE DATA FOUND
- Source citation: Work cat.: (NUST): Srivastava, A.N 59885, A text book on groups with solved problem sets, 2003
